| 000 | 00808nam a2200277 a 4500 | ||
|---|---|---|---|
| 001 | 37786 | ||
| 003 | BD-RjUL | ||
| 005 | 20211209052644.0 | ||
| 008 | 150603s1960 ii ac b 000 0 eng | ||
| 035 | _a(BD-RjUL)37891 | ||
| 035 | _a(OCoLC)5201113 | ||
| 040 |
_aDLC _cPPiU _dDLC _beng |
||
| 041 | _aeng | ||
| 082 |
_a539.7 _bRAA 1960 |
||
| 100 | 1 |
_aRajam, J. B. _9117016 |
|
| 245 | 1 | 0 |
_aAtomic physics / _cby J. B. Rajam. With a forewod by Louis De Broglie. |
| 250 | _a6th ed. | ||
| 260 |
_aDelhi : _bS. Chand, _c1960. |
||
| 300 |
_axviii, 1262 p. : _billus., ports. ; _c22 cm. |
||
| 504 | _aIncludes Bibliographical references and index. | ||
| 650 | 0 |
_aNuclear physics. _9116600 |
|
| 700 |
_aBroglie, Louis De _9236452 |
||
| 942 |
_2ddc _cBK |
||
| 999 |
_c37786 _d37786 |
||